Statistics for All Cities in South America with Population of 1 Million

Click here to take the quiz!

General Stats

  • This quiz has been taken 375 times
  • The average score is 33 of 48

Answer Stats

PopulationUrban Area% Correct
16.4 milBuenos Aires
100%
13.2 milRio de Janeiro
100%
22.4 milSão Paulo
100%
10.1 milLima
99%
7.25 milSantiago
99%
9.60 milBogotá
98%
3.75 milCaracas
98%
2.12 milLa Paz / El Alto
96%
4.00 milBrasília
95%
2.72 milQuito
95%
4.02 milMedellín
93%
1.86 milMontevideo
92%
2.35 milAsunción
91%
5.00 milBelo Horizonte
91%
2.20 milManaus
88%
2.87 milCali
86%
4.12 milPorto Alegre
85%
3.85 milRecife
85%
3.15 milGuayaquil
84%
3.60 milSalvador
84%
2.22 milBelém
83%
1.67 milCórdoba
83%
3.67 milFortaleza
79%
1.37 milRosario
78%
2.10 milBarranquilla
75%
3.42 milCuritiba
72%
2.62 milMaracaibo
72%
2.15 milSanta Cruz
72%
1.41 milNatal
61%
2.00 milValencia
61%
1.13 milCartagena
59%
1.02 milValparaíso
59%
1.44 milSão Luís
58%
1.09 milMendoza
53%
3.20 milCampinas
52%
2.42 milGoiânia
51%
1.08 milArequipa
48%
1.41 milCochabamba
41%
1.00 milFlorianópolis
39%
1.26 milBucaramanga
36%
1.30 milBarquisimeto
35%
1.74 milSantos
35%
1.85 milVitória
33%
1.42 milMaracay
32%
1.13 milJoão Pessoa
29%
1.02 milSan Miguel de Tucumán
28%
1.11 milMaceió
23%
1.04 milTeresina
22%

Score Distribution

Percentile by Number Answered

Percent of People with Each Score

Your Score History

You have not taken this quiz